La política científica y tecnología en México el impulso contingente en el periodo 1982-2006.

Сохранить в:
Библиографические подробности
Главный автор: Canales Sánchez, Alejandro (autor)
Формат:
Язык:испанский
Предметы:
Метки: Добавить метку
Нет меток, Требуется 1-ая метка записи!

MARC

LEADER 00000nam^a2200000^u^4500
001 000519231
005 20250521000000.0
008 111013s1000^^^^^^^^^^^^r^^^^^000^0^spa^d
009 20260310130436.261
022 |a 9786074014679 
035 |a FCE 000063465 
037 |a Acervo ITESO - Biblioteca 
041 |a spa 
082 0 4 |a 303.48330972  |b CANp 
100 |a Canales Sánchez, Alejandro  |e (autor) 
245 1 0 |a La política científica y tecnología en México el impulso contingente en el periodo 1982-2006. 
264 |a México:  |b Porrúa: UNAM: IISUE,  |c 2011. 
300 |a 288 p. 
336 |a texto  |b txt  |2 rdacontenido 
337 |a sin mediación  |b n  |2 rdamedio 
338 |a volumen  |b nc  |2 rdasoporte 
649 |a XX 
650 |a Investigación científica 
650 |a Ciencia y tecnología 
650 |a Ciencia y desarrollo 
650 |a Aspectos sociales 
650 |a Ciencia y estado 
650 |a México 
910 |a Fondo Centro de Estudios Educativos 
920 |a Impresos - Libros 
930 |a Fondos Especiales 
905 |a 133 
901 |a ALE071164  |b IT2  |c CEE  |u 20250521 
901 |a ALE071165  |b IT2  |c CEE  |u 20250521 
902 |a https://opac.biblio.iteso.mx/vufind/Record/000519231